000 01729nam a2200433 c 4500
001 160622
003 BLK
005 20250703152523.0
008 180410b bul|||||r ||||||| ||bul||
010 _aKNG00167903000
020 _a978-954-26-1396-1
040 _aBLK
041 _aBUL
_cBUL
072 7 _2bullib
_aН84
_xБългарска художествена литература Н
072 7 _2bullib
_aЯ
_xАвтографи
080 _aБългарска литература
_b821.163.2
_x-4
_z821.163.2-4
100 _aМишев, Георги
_d1935 -
_qИванов, Георги Мишев
_9369126
139 _aМишев, Георги
_bМ 76
245 1 0 _aМир на страха ни
_bБел. под линия
_cГеорги Мишев; * Георги Мишев Иванов.
257 _aBGR
260 _bХермес
_c2014
_fСофия : Алианс принт
300 _a528 с.
_c21 см
380 _aX
500 _aПълното име на авт. е Георги Мишев Иванов. - Съдържа и за авт.
520 _aЗа Русе и обгазяванията с хлор, за филма „Дишай“, за Комитета за спасение на Русе, с. 187, 458 – 483.
653 _aбележки
653 _aесета
659 _aН
659 _aЯ
700 _aМишев, Георги
_d1935 -
_qИванов, Георги Мишев
_9369126
852 _aЦб 271617
856 4 _qpdf
856 4 _qpdf
942 _cKNG
_n0
_029
944 _aCR
_c27.11.2014
_lНора Радева
_k30545
944 _aED
_c13.11.2015
_lф /
_kЛюдмила_Стоянова
999 _c160622
_d160622
999 _d160622
999 _d160622